Capitals and Countries Whose First Letters are Furthest Apart in the Alphabet - Statistics

General Stats
  • This quiz has been taken 45 times
  • The average score is 16 of 28
Answer Stats
Difference Capital / Country % Correct
23 Croatia
78%
19 Venezuela
78%
23 Zagreb
78%
18 Zimbabwe
78%
19 Albania
72%
24 Armenia
72%
19 Caracas
72%
24 Yerevan
67%
21 Austria
61%
19 Tirana
61%
18 Antigua and Barbuda
58%
18 Harare
58%
19 Turkey
56%
21 Vienna
56%
19 Ankara
53%
19 Ashgabat
53%
22 Cameroon
53%
22 Yaounde
53%
20 Abu Dhabi
50%
19 Turkmenistan
50%
20 United Arab Emirates
50%
18 Saint John's
44%
18 Bhutan
42%
22 Cote D'Ivoire
42%
18 Thimphu
39%
22 Yamoussoukro
39%
18 Apia
31%
18 Samoa
28%
No matching quizzes found
Score Distribution
Percent of People with Each Score
Percentile by Number Answered
Your Score History
You have not taken this quiz